000
00258nam a2200109Ia 4500
008
220120s9999||||xx |||||||||||||| ||und||
082
_a
621.382 CHI
100
_a
Chitode
_9
11397
245
0
_a
Digital communication
260
_b
New Delhi
300
_a
624p.
_b
0
999
_c
136314
_d
136314